Über Vielflache dritter Ordnung : akademische Abhandlung : wird mit Genehmigung der Mathematisch-Naturwissenschaftlichen Sektion der Philosophischen Fakultät der Universität zu Helsinki am 23. April 1938 um 12 Uhr mittags im kleinen Festsaal zur öffentlichen Verteidigung vorgelegt /

Hlavní autor: Pimiä, Lauri
Korporativní autor: Helsingin yliopisto. Humanistinen tiedekunta
Jazyk: Němčina
Vydáno: Helsinki : [Suomalaisen Tiedeakatemia], 1938
Témata:
Fyzický popis: 166 stran : ilustrace ; 25 cm
Knihy
Uloženo v:
LEADER 01670nam a22003857i 4500
001 001952218
003 CZ BrMZK
005 20251029161910.0
007 ta
008 251029s1938 fi a frm 000 0 ger d
020 |q (Brožováno) 
040 |a BOA001  |b cze  |e rda 
072 7 |a 514  |x Geometrie  |2 Konspekt  |9 13 
080 |a 514.113.5  |2 MRF 
080 |a (043.3)  |2 MRF 
080 |a (0.036.6)  |2 MRF 
100 1 |a Pimiä, Lauri  |4 aut 
245 1 0 |a Über Vielflache dritter Ordnung :  |b akademische Abhandlung : wird mit Genehmigung der Mathematisch-Naturwissenschaftlichen Sektion der Philosophischen Fakultät der Universität zu Helsinki am 23. April 1938 um 12 Uhr mittags im kleinen Festsaal zur öffentlichen Verteidigung vorgelegt /  |c von Lauri Pimiä 
264 1 |a Helsinki :  |b [Suomalaisen Tiedeakatemia],  |c 1938 
264 3 |b Buchdruckerei A.-G. Sana 
300 |a 166 stran :  |b ilustrace ;  |c 25 cm 
336 |a text  |b txt  |2 rdacontent 
337 |a bez média  |b n  |2 rdamedia 
338 |a svazek  |b nc  |2 rdacarrier 
500 |a Původně přeloženo jako autorova disertace (doktorská)--Helsingin yliopiston Humanistinen tiedekunta, 1938 
504 |a Obsahuje bibliografii 
650 0 7 |a mnohostěny  |7 ph257176  |2 czenas 
655 7 |a disertace  |7 fd132024  |2 czenas 
655 7 |a separáty  |7 fd131867  |2 czenas 
787 1 8 |i Separát z:  |t Annales Academiae scientiarum Fennicae. Serie A  |g Tom XLIX (1938), No. 2  |x 0365-673X 
710 2 |a Helsingin yliopisto.  |b Humanistinen tiedekunta  |7 kn20120619005  |4 isb 
910 |a BOA001  |b 2-0150.141 
990 |a BK 
991 |b 202510 
996 6 |b BC-2607175  |c 2-0150.141  |l MZK  |r Sklad / do 24 hodin  |n 0  |w 002023286  |u 000010  |a 1  |e BOA001  |j MZK50  |s P